| 000 | 00387nam a2200157Ia 4500 | ||
|---|---|---|---|
| 008 | 210210b1975 xxu||||| |||| 00| 0 eng d | ||
| 020 | _a0706908899 | ||
| 082 | _a596 ALEC | ||
| 100 | _aALEXANDER (R McNeil). | ||
| 245 | _aChordates | ||
| 260 |
_aNew Delhi _bVikas Publishing House Pvt Ltd., _c1975 |
||
| 300 | _avi,480 | ||
| 650 | _aChordates | ||
| 690 | _aZoology | ||
| 906 | _a035479 | ||
| 999 |
_c86079 _d86079 |
||